000 02008nam2a22003852 4500
001 rc\3000574
005 20250831000521.0
035 _a(NLR Aleph) 007143737
090 _a88838
_c88838
100 _a20110919d1944 u y0rusy50 ca
101 0 _arus
102 _aRU
105 _aca z |||||
135 _acrbn 008apadp
200 1 _a22 июня 1941 г. - 22 июня 1943 г.
_fСост. Андрианова, В.Л., Александрова, Т.С. и Цукерман, С.И.
_gПод ред. С.И. Аввакумова
210 _d1944
215 _aVII, 412 с., 2 л. портр.
_cил., портр.
325 _aКопия доступна в Электрон. б-ке РНБ
461 0 _1001rc\3000573
_12001#$aЛенинград в Великой Отечественной войне Советского Союза$eСборник документов и материалов. Т. 1-2$fЛенингр. ин-т истории ВКП(б). Филиал Ин-та Маркса-Энгельса-Ленина при ЦК ВКП(б)$vТ. 1
702 1 _aАндрианова
_bВ.Л.
_4220
702 1 _aАлександрова
_bТ.С.
_4220
702 1 _aЦукерман
_bС.И.
_4220
702 1 _aАввакумов
_bС.И.
_4340
801 0 _aRU
_bNLR
_gpsbo
801 1 _aRU
_bELAR
_2rusmarc
852 _aNLR
_bМф
_jК1/16620
856 0 _uhttp://vivaldi.nlr.ru/ab000001594/view
856 1 _uhttp://vivaldi.nlr.ru/ab000001594/cover
856 2 _uhttp://vivaldi.nlr.ru/ab000001594/text
901 _eКнижные издания
942 _cBOOK
945 _aРоссийская национальная библиотека
_aЦентральная городская библиотека Нижнего Новгорода
980 _aBV
981 3 7 _a(37) Ленинград в Великой Отечественной войне
_b(37) Книги блокадного Ленинграда
981 3 4 _a(34) Санкт-Петербург